|
|
|
|
| LEADER |
00945nam a2200241 i 4500 |
| 001 |
acta37419 |
| 005 |
20230302152600.0 |
| 008 |
161201s2013 hu o 0|| hun d |
| 020 |
|
|
|a 978-963-315-121-1
|
| 022 |
|
|
|a 1588-8533
|
| 040 |
|
|
|a SZTE Egyetemi Kiadványok Repozitórium
|b hun
|
| 041 |
|
|
|a hun
|
| 041 |
|
|
|a eng
|
| 245 |
0 |
0 |
|a Innováció
|h [elektronikus dokumentum] :
|b a vállalati stratégiától a társadalmi stratégiáig
|
| 260 |
|
|
|a JATEPress
|b Szeged
|c 2013
|
| 300 |
|
|
|a 293 p.
|c 24 cm
|
| 490 |
0 |
|
|a SZTE Gazdaságtudományi Kar közleményei
|
| 650 |
|
4 |
|a Társadalomtudományok
|
| 650 |
|
4 |
|a Közgazdasági és gazdálkodástudományok
|
| 695 |
|
|
|a Kutatás - fejlesztés - Európa - tanulmányok, Fejlesztéspolitika - vállalati - tanulmányok, Technológiai fejlődés - tanulmányok
|
| 700 |
0 |
1 |
|a Bajmócy Zoltán
|
| 700 |
0 |
1 |
|a Elekes Zoltán
|
| 856 |
4 |
0 |
|u http://acta.bibl.u-szeged.hu/37419/1/gtk_2013_002.pdf
|z Dokumentum-elérés
|